Trading Partners: Vietnam - Statistics

General Stats
  • This quiz has been taken 17 times
  • The average score is 37 of 40
Answer Stats
Balance Answer % Correct
$4,454,672,936 Australia
100%
-$7,948,399,896 Australia
100%
$4,830,371,480 Cambodia
100%
-$4,711,201,616 Cambodia
100%
$5,268,409,113 Canada
100%
$67,908,022,798 China
100%
-$111,482,330,081 China
100%
$7,287,757,827 Germany
100%
-$3,936,590,839 Germany
100%
$20,117,891,770 Japan
100%
-$22,601,562,571 Japan
100%
$4,383,038,018 Malaysia
100%
-$8,132,589,864 Malaysia
100%
-$1,635,792,247 Saudi Arabia
100%
$21,934,463,617 South Korea
100%
-$56,112,234,517 South Korea
100%
$6,066,102,393 Thailand
100%
-$12,552,838,706 Thailand
100%
$5,765,718,023 United Kingdom
100%
$96,327,539,432 United States
100%
-$15,179,120,791 United States
100%
-$4,093,542,995 Brazil
91%
$6,258,022,022 India
91%
-$6,947,559,556 India
91%
$3,915,595,963 Indonesia
91%
-$7,608,429,776 Indonesia
91%
$4,579,179,310 Philippines
91%
-$2,405,967,091 Philippines
91%
-$2,303,861,315 Russia
91%
$3,967,504,129 Singapore
91%
-$4,276,731,699 Singapore
91%
$4,692,459,910 United Arab Emirates
91%
$3,842,471,246 Italy
82%
-$1,723,442,691 Italy
82%
$4,562,565,162 Mexico
82%
$3,604,253,565 Belgium
73%
-$4,720,196,723 Kuwait
73%
$7,682,035,681 Netherlands
73%
-$3,649,048,581 Argentina
55%
-$4,431,654,523 Ireland
45%
No matching quizzes found
Score Distribution
Percent of People with Each Score
Percentile by Number Answered
Your Score History
You have not taken this quiz